Soil conservation

Guardat en:
Dades bibliogràfiques
Autor principal: Hudson, Norman
Format: Llibre
Idioma:Undetermined
Publicat: New York Cornell Univ. Press 1981
Matèries:
Etiquetes: Afegir etiqueta
Sense etiquetes, Sigues el primer a etiquetar aquest registre!
Thư viện lưu trữ: Trung tâm Học liệu Trường Đại học Cần Thơ
LEADER 00465nam a2200181Ia 4500
001 CTU_15680
008 210402s9999 xx 000 0 und d
082 |a 631.4 
082 |b H886 
100 |a Hudson, Norman 
245 0 |a Soil conservation 
245 0 |c Norman Hudson 
260 |a New York 
260 |b Cornell Univ. Press 
260 |c 1981 
650 |a Soil conservation 
904 |i Minh,Qhieu 
980 |a Trung tâm Học liệu Trường Đại học Cần Thơ